00430 2200169 4500001002100000008004100021035002000062245003600082100002300118260002800141300002400169020002200193084001400215082000800229650000800237990001500245INLIS000000000003303 ind  a0010-1225000124 aReptil pediacChristina Wilsdon aWilsdon, Christina aJakartabGramediac2025 a272 hlmc21 x 26 cm a978-602-6208-08-8 a590 CHI r a590 aIPA a19779/B/26